[Event "Santa Catarina-ch sf1"]
[Site "Sao Bento do Sul"]
[Date "2016.03.04"]
[Round "2"]
[White "Maiberg, Wellington Gubiani"]
[Black "Starke, Bruno Orlando"]
[Result "0-1"]
[WhiteElo "1907"]
[BlackElo "2160"]
[PlyCount "102"]
[EventDate "2016.03.04"]
[EventType "swiss"]
[EventRounds "6"]
[EventCountry "BRA"]
[SourceTitle "EXT 2018"]
[Source "ChessBase"]
[SourceDate "2017.10.13"]
[SourceVersion "1"]
[SourceVersionDate "2017.10.13"]
[SourceQuality "1"]

1. c4 e6 2. Nf3 d5 3. g3 Nf6 4. Bg2 Be7 5. cxd5 exd5 6. 0-0 0-0 7. d3 Re8 8. Bd2 c5 9. Re1 Bf8 10. Bg5 d4 11. Nfd2 h6 12. Bxf6 Qxf6 13. Ne4 Qb6 14. Qc1 Be6 15. Na3 Nd7 16. Nc4 Qa6 17. a4 f5 18. Ned2 Nf6 19. e4 dxe3 20. fxe3 Rad8 21. Qc2 Nd5 22. Bxd5 Bxd5 23. e4 fxe4 24. dxe4 Bf7 25. b3 Qg6 26. Nf3 Qh5 27. Qc3 g6 28. Rf1 Rxe4 29. Qf6 Be7 30. Qxf7+ Kxf7 31. Ng5+ Kg7 32. Nxe4 Qd5 33. Rae1 Rf8 34. Rxf8 Bxf8 35. Nc3 Qd4+ 36. Re3 Be7 37. Ne2 Qd1+ 38. Kf2 Bg5 39. Rf3 Bf6 40. Nf4 Bd4+ 41. Kg2 Qc2+ 42. Kh3 Qe4 43. Rf1 h5 44. Nd6 Qe7 45. Nxh5+ Kg8 46. Nf5 gxf5 47. Rxf5 Qe6 48. Kg4 Qxb3 49. h4 Qxa4 50. Kg5 Qc6 51. Nf4 Be3 0-1

[Event "Florianopolis op 2nd"]
[Site "Florianopolis"]
[Date "2016.01.19"]
[Round "5"]
[White "Borghezan, Laryssa Zanini"]
[Black "Maiberg, Wellington Gubiani"]
[Result "0-1"]
[WhiteElo "1733"]
[BlackElo "1904"]
[PlyCount "65"]
[EventDate "2016.01.16"]
[EventType "swiss"]
[EventRounds "10"]
[EventCountry "BRA"]
[SourceTitle "CBM 170 Extra"]
[Source "ChessBase"]
[SourceDate "2016.02.25"]
[SourceVersion "1"]
[SourceVersionDate "2016.02.25"]
[SourceQuality "1"]

1. e4 d6 2. d4 Nf6 3. Nc3 g6 4. f4 Bg7 5. e5 dxe5 6. dxe5 Qxd1+ 7. Kxd1 Nfd7 8. Nd5 Kd8 9. Be3 c6 10. Nc3 Kc7 11. Bd3 Rd8 12. Nf3 h6 13. b4 Nf8 14. Ke2 Nbd7 15. Nd4 Nxe5 16. Ndb5+ cxb5 17. Nxb5+ Kc6 18. Be4+ Kxb5 19. a4+ Kc4 20. fxe5 Bg4+ 21. Kf2 Bxe5 22. Bd3+ Kd5 23. c4+ Kc6 24. b5+ Kc7 25. b6+ axb6 26. Bxb6+ Kxb6 27. Rab1+ Kc7 28. Be4 Rd2+ 29. Ke3 Re2+ 30. Kd3 Rd8+ 31. Bd5 Rb2 32. Ke4 Rxb1 33. Rxb1 0-1

[Event "Florianopolis op 2nd"]
[Site "Florianopolis"]
[Date "2016.01.19"]
[Round "6"]
[White "Maiberg, Wellington Gubiani"]
[Black "Ricieri, Vinicius De Andrade"]
[Result "1-0"]
[WhiteElo "1904"]
[BlackElo "1748"]
[PlyCount "61"]
[EventDate "2016.01.16"]
[EventType "swiss"]
[EventRounds "10"]
[EventCountry "BRA"]
[SourceTitle "CBM 170 Extra"]
[Source "ChessBase"]
[SourceDate "2016.02.25"]
[SourceVersion "1"]
[SourceVersionDate "2016.02.25"]
[SourceQuality "1"]

1. e4 c5 2. Nf3 g6 3. c4 Bg7 4. d4 cxd4 5. Nxd4 Nc6 6. Nc2 Nf6 7. Nc3 0-0 8. Be2 d6 9. Be3 Ne5 10. f3 Be6 11. b3 a6 12. Rc1 Rb8 13. 0-0 Ne8 14. Nd4 Bd7 15. Kh1 Nc6 16. Qd2 Nxd4 17. Bxd4 b5 18. Rfd1 Nc7 19. c5 dxc5 20. Bxg7 Kxg7 21. Qxd7 Qxd7 22. Rxd7 Ne6 23. Rcd1 Nd4 24. Bf1 e6 25. Ne2 Nc2 26. Kg1 a5 27. Kf2 a4 28. Rc1 Nb4 29. a3 axb3 30. axb4 c4 31. Nc3 1-0

[Event "Florianopolis op 2nd"]
[Site "Florianopolis"]
[Date "2016.01.18"]
[Round "4"]
[White "Maiberg, Wellington Gubiani"]
[Black "Santos Neto, Amazonas"]
[Result "0-1"]
[WhiteElo "1904"]
[BlackElo "1672"]
[PlyCount "60"]
[EventDate "2016.01.16"]
[EventType "swiss"]
[EventRounds "10"]
[EventCountry "BRA"]
[SourceTitle "CBM 170 Extra"]
[Source "ChessBase"]
[SourceDate "2016.02.25"]
[SourceVersion "1"]
[SourceVersionDate "2016.02.25"]
[SourceQuality "1"]

1. e4 e6 2. d4 d5 3. Nc3 Bb4 4. Qg4 Qf6 5. a3 Bxc3+ 6. bxc3 Qg6 7. Qxg6 hxg6 8. e5 Nd7 9. Bd3 Ne7 10. Nf3 c5 11. a4 c4 12. Be2 a5 13. Rb1 Ra6 14. 0-0 Nb6 15. Ra1 Bd7 16. Bd2 Nxa4 17. Rfb1 b5 18. Be1 Nf5 19. g4 Nh6 20. h3 Ra8 21. Bd2 Ke7 22. Kf1 Rh7 23. Ke1 f6 24. Bf1 Ng8 25. Ke2 g5 26. Ke1 Kf7 27. Ke2 Ne7 28. Ke1 Ng6 29. Kd1 Nf4 30. Bxf4 Nxc3+ 0-1

[Event "Florianopolis op"]
[Site "Florianopolis"]
[Date "2015.01.18"]
[Round "10"]
[White "Maiberg, Wellington Gubiani"]
[Black "Boff, Andre Ricardo"]
[Result "1/2-1/2"]
[WhiteElo "1880"]
[BlackElo "2000"]
[PlyCount "29"]
[EventDate "2015.01.14"]
[EventType "swiss"]
[EventRounds "10"]
[EventCountry "BRA"]
[SourceTitle "CBM 164 Extra"]
[Source "ChessBase"]
[SourceDate "2015.03.02"]
[SourceVersion "1"]
[SourceVersionDate "2015.03.02"]
[SourceQuality "1"]

1. f4 f5 2. Nf3 Nf6 3. g3 e6 4. Bg2 Bc5 5. e3 0-0 6. 0-0 d6 7. d3 Qe8 8. h3 Nbd7 9. Kh2 Qg6 10. Nc3 Qh6 11. Nh4 g6 12. e4 Ne8 13. d4 Bb6 14. Na4 c6 15. Nxb6 1/2-1/2

[Event "Florianopolis op"]
[Site "Florianopolis"]
[Date "2015.01.16"]
[Round "5"]
[White "Maiberg, Wellington Gubiani"]
[Black "Lazzarotto, Marcio"]
[Result "1/2-1/2"]
[WhiteElo "1880"]
[BlackElo "2035"]
[PlyCount "102"]
[EventDate "2015.01.14"]
[EventType "swiss"]
[EventRounds "10"]
[EventCountry "BRA"]
[SourceTitle "CBM 164 Extra"]
[Source "ChessBase"]
[SourceDate "2015.03.02"]
[SourceVersion "1"]
[SourceVersionDate "2015.03.02"]
[SourceQuality "1"]

1. e4 e5 2. Nf3 Nc6 3. Bc4 Bc5 4. b4 d5 5. exd5 Nxb4 6. c3 Nxd5 7. d4 exd4 8. 0-0 Nge7 9. cxd4 Bb6 10. Ba3 Be6 11. Qb3 c6 12. Re1 0-0 13. Nbd2 Re8 14. Ne4 Nf4 15. Bxe6 Nxe6 16. Nd6 Nd5 17. Nxe8 Qxe8 18. Ng5 h6 19. Nxe6 fxe6 20. Qh3 Bxd4 21. Rad1 c5 22. Qxe6+ Qxe6 23. Rxe6 Rd8 24. Bxc5 Bxc5 25. Re5 Rf8 26. Rexd5 Bxf2+ 27. Kh1 Bb6 28. R5d2 Ba5 29. Rb2 Bb6 30. g3 Rf7 31. Kg2 Bc5 32. Rf1 Rd7 33. Rf5 b6 34. Kf1 a5 35. Ke2 Re7+ 36. Kd3 a4 37. Rxc5 bxc5 38. Rb8+ Kf7 39. Ra8 Rd7+ 40. Kc3 Rd4 41. Ra5 Re4 42. Rxc5 Re2 43. a3 Rxh2 44. Kb4 Rh3 45. Rc3 h5 46. Kxa4 h4 47. Rc7+ Kg6 48. gxh4 Rxh4+ 49. Kb5 Rh1 50. a4 Rb1+ 51. Ka6 Kf6 1/2-1/2

[Event "Florianopolis op"]
[Site "Florianopolis"]
[Date "2015.01.15"]
[Round "3"]
[White "Maiberg, Wellington Gubiani"]
[Black "Godoy Olazabal, Arturo"]
[Result "1/2-1/2"]
[WhiteElo "1880"]
[BlackElo "2198"]
[PlyCount "62"]
[EventDate "2015.01.14"]
[EventType "swiss"]
[EventRounds "10"]
[EventCountry "BRA"]
[SourceTitle "CBM 164 Extra"]
[Source "ChessBase"]
[SourceDate "2015.03.02"]
[SourceVersion "1"]
[SourceVersionDate "2015.03.02"]
[SourceQuality "1"]

1. e4 e5 2. Nf3 Nc6 3. Bc4 Bc5 4. b4 Bxb4 5. c3 Ba5 6. d4 Qf6 7. 0-0 Nge7 8. d5 Nd8 9. Bg5 Qd6 10. Qa4 Bb6 11. Na3 c6 12. Rad1 f6 13. dxc6 Qxc6 14. Bb5 Qc7 15. Nc4 Bc5 16. Be3 0-0 17. Bxc5 Qxc5 18. Nd6 Nec6 19. Qb3+ Kh8 20. Rd5 Qb6 21. Rfd1 Ne6 22. Bf1 Qxb3 23. axb3 Ne7 24. R5d2 a6 25. Nxc8 Nxc8 26. Rxd7 Nc5 27. Rc7 b6 28. b4 Ne6 29. Rc6 Nd8 30. Rc7 Ne6 31. Rc6 Nd8 1/2-1/2